Boswells' Life of Johnson: in Two Vols Vol2 (Record no. 18)

MARC details
000 -LEADER
fixed length control field 00430nam a2200169Ia 4500
003 - CONTROL NUMBER IDENTIFIER
control field OSt
005 - DATE AND TIME OF LATEST TRANSACTION
control field 20250210101428.0
008 - FIXED-LENGTH DATA ELEMENTS--GENERAL INFORMATION
fixed length control field 211109s9999||||xx |||||||||||||| ||und||
040 ## - CATALOGING SOURCE
Transcribing agency SBCL
082 ## - DEWEY DECIMAL CLASSIFICATION NUMBER
Classification number 920
Item number JAM-L
100 ## - MAIN ENTRY--PERSONAL NAME
Personal name James, Boswell
245 #0 - TITLE STATEMENT
Title Boswells' Life of Johnson: in Two Vols Vol2
260 ## - PUBLICATION, DISTRIBUTION, ETC.
Name of publisher, distributor, etc. Un Known
Place of publication, distribution, etc. Kottayam
Date of publication, distribution, etc. 1904
630 ## - SUBJECT ADDED ENTRY--UNIFORM TITLE
General subdivision General Stack
650 ## - SUBJECT ADDED ENTRY--TOPICAL TERM
Topical term or geographic name entry element Biography
942 ## - ADDED ENTRY ELEMENTS (KOHA)
Koha item type BOOK
650 ## - SUBJECT ADDED ENTRY--TOPICAL TERM
General subdivision Biography- Autobiography
Holdings
Withdrawn status Lost status Damaged status Not for loan Home library Current library Date acquired Cost, normal purchase price Total Checkouts Full call number Barcode Shelving location Date last seen Price effective from Koha item type
        SB LIBRARY SB LIBRARY 09/11/2021 100.00   920 JAM-L 00000010 GENERAL STACK 09/11/2021 09/11/2021 BOOK

Powered by Koha